000
00295nam a22001337a 4500
008
180130b xxu||||| |||| 00| 0 eng d
020
_a
9780760323106
041
_a
eng
080
_a
62
100
_a
27
101
_a
eng
245
_a
ultimate performannce cars
_c
craig.ch
942
_2
udc
_c
BK
999
_c
41279
_d
41279